| 000 | 00898nam a2200253Ia 4500 | ||
|---|---|---|---|
| 020 | _a(pbk) | ||
| 082 |
_a628.132 _bSHE _cL-23, P-37 |
||
| 100 |
_aSheikh, Iqbal A. _944137 |
||
| 245 |
_aDrinking water reservoirs with solved examples: _b(we made from water everything living) |
||
| 260 |
_aIslamabad: _bThe Authority, _c1982 |
||
| 300 | _a114p. | ||
| 526 |
_a0 _b0 _c0 _d628_132000000000000_SHE |
||
| 526 |
_a0 _b0 _c0 _d628_132000000000000_SHE |
||
| 526 |
_a0 _b0 _c0 _d628_132000000000000_SHE |
||
| 526 |
_a0 _b0 _c0 _d628_132000000000000_SHE |
||
| 526 |
_a0 _b0 _c0 _d628_132000000000000_SHE |
||
| 526 |
_a0 _b0 _c0 _d628_132000000000000_SHE |
||
| 526 |
_a0 _b0 _c0 _d628_132000000000000_SHE |
||
| 526 |
_a0 _b0 _c0 _d628_132000000000000_SHE |
||
| 526 |
_a0 _b0 _c0 _d628_132000000000000_SHE |
||
| 650 |
_aMCE _9379 |
||
| 650 |
_aReserviors -- Linings -- Hand-books- Manuals Etc. _944138 |
||
| 942 |
_2ddc _cBK |
||
| 999 |
_c547962 _d547962 |
||